000
00314nam a2200145Ia 4500
003
SGT
005
20260530124914.0
082
_a
616.1
_b
R06B
100
_a
BHARGAVA,SATISH
245
_a
RADIOLOGICAL PROCIDURES
250
_a
1ST
260
_b
PEEPEE
_a
DELHI
_c
2006
650
_a
RADIOLOGY & DIAGNOSIS
942
_2
ddc
_c
BK
999
_c
662
_d
662